00869 2200289 4500001002100000005001500021035002000036006001800056007000300074008003900077040001700116100016200133245005200295250001200347300003200359020001800391082001400409084001400423090001400437260003600451650002000487650002000507990001300527990001300540990001300553990001300566INLIS00000000000012020221118091000 a0010-1122000120aa g 000 1ta061226s1995 jkia g 000 1 ind aJKPNPNAbind1 aTakdir Alisyahbana, St.d1908-1994d1908-1994dTakdir Alisyahbana, St.d1908-1994q(Sutan Takdir),qTakdir Alisyahbana, St.q(Sutan Takdir),q(Sutan Takdir),10aLayar terkembang /coleh St. Takdir Alisyahbana aCet. 23 a139 hlm. :bilus. ;c21 cm. a979-407-065-3042[20]a810 a810 TAK l a810 TAK l aJakarta :bBalai Pustaka,c1995 4aFiksi Indonesia 4aFiksi Indonesia a04130413 a04130413 a04360436 a01230123